000 00787nam a2200205 a 4500
001 000041177
005 20201002034701.0
008 130920s2000 sp 001 0 spa d
020 _a8400079922
040 _aDO-SdBNP
_bspa
_cBNPHU
100 1 _aCalatayud Arinero, Mª de los Ángeles
_967739
245 1 0 _aCatálogo crítico de los documentos del Real Gabinete de Historia Natural (1787-1815) /
_cMaría de los Ángeles Calatayud Arinero ; editores Eulalia Moreno, José Templado.
260 _aMadrid :
_bCSIC,
_c2000.
300 _a219 p. ;
_c25 cm.
490 1 _aMonografía
_v16
700 1 _aMoreno, Eulalia
_eed.
_967740
700 1 _aTemplado, José
_eed.
_967741
710 2 _aConsejo Superior de Investigaciones Científicas,(España)
_967570
830 0 _aMonografía
_v16
_94914
999 _c40667
_d40667